000 01266nam a2200337 a 4500
005 20200104041529.0
008 140121b2001 ck ||||| |||| 00| 0 spa d
041 _aspa
044 _ack
090 _aIAvH
_b00164
110 _9204
_aInstituto de Investigación de Recursos Biológicos Alexander von Humboldt
_bInstituto de Investigación de Recursos Biológicos Alexander von Humboldt
245 _aPlan nacional de jardines botánicos de Colombia
260 _aBogotá
_bInstituto Alexander von Humboldt
_c2001
300 _a1
650 _aJardines botánicos
_93608
650 _aDistribución geográfica
_93655
650 _aConvenio sobre diversidad biológica
_93261
650 _aConservación de biodiversidad
_9345
650 _aInvestigación científica
_92634
650 _aCapacitación
_992246
650 _aSistemas de información
_94502
650 _aDecreto 2183 de 1996
_94503
650 _aDecreto 331 de 1998
_94504
662 _aColombia
650 _aEducación ambiental
_9162
710 _a^aRed Nacional de Jardines Botánicos
_94505
710 _a^aColombia. Ministerio del Medio Ambiente
_94191
710 _a^aBotanic Gardens Conservation International
_94506
710 _a^aDarwin Initiative
_94507
942 _cCD-ROM
_2z
999 _c2201
_d2201